[Event "Lichtenberger Sommer 2023"]
[Site "Berlin"]
[Date "2023.08.15"]
[Round "4.20"]
[White "Grassi, Fabrizio"]
[Black "Wiechert, Hans"]
[Result "0-1"]
[WhiteElo "1878"]
[BlackElo "2151"]
[PlyCount "82"]
[EventDate "2023.??.??"]
[WhiteTeam "SV Berlin-Friedrichstadt"]
[BlackTeam "SC Untergrombach 46"]

1. d4 f5 2. Bf4 Nf6 3. e3 e6 4. Nf3 d6 5. Bd3 Be7 6. h3 O-O 7. Nbd2 Nc6 8. c3
Qe8 9. Qc2 Bd8 10. O-O-O e5 11. dxe5 dxe5 12. Bc4+ Kh8 13. Bg5 e4 14. Nd4 Ne5
15. Be2 Bd7 16. f4 exf3 17. N4xf3 Nf7 18. Bxf6 Bxf6 19. e4 Ba4 20. b3 Bc6 21.
Bd3 Ne5 22. Nxe5 Qxe5 23. Nf3 Qf4+ 24. Nd2 Qg3 25. exf5 Bxg2 26. Rhg1 Qxh3 27.
Ne4 Bxe4 28. Bxe4 c6 29. Rd3 Qh4 30. Rdg3 Rae8 31. Rg4 Qh6+ 32. Kb2 Qe3 33.
R1g3 Qc5 34. Qg2 Re7 35. Rh3 Rfe8 36. Bc2 Re2 37. Qg1 Qxf5 38. Qd1 Qxg4 39.
Rxh7+ Kg8 40. Qd3 Rxc2+ 41. Kxc2 Qe4 0-1

[Event "Lichtenberger Sommer 2023"]
[Site "Berlin"]
[Date "2023.08.15"]
[Round "4.21"]
[White "Allgaier, Erik"]
[Black "Tedesco, Gennaro"]
[Result "1/2-1/2"]
[WhiteElo "1922"]
[BlackElo "1712"]
[PlyCount "75"]
[EventDate "2023.??.??"]
[WhiteTeam "SC Hans Clauert Trebbin"]
[BlackTeam "SC Kreuzberg e.V."]

1. f4 c5 2. Nf3 d5 3. g3 Nc6 4. Bg2 g6 5. c3 Bg7 6. d3 Nf6 7. O-O O-O 8. Na3
Rb8 9. Nh4 d4 10. c4 Bd7 11. f5 Qc8 12. Bf4 Ra8 13. fxg6 hxg6 14. Nc2 Bh3 15.
Qd2 Bxg2 16. Nxg2 Qh3 17. e4 Nh5 18. Qe2 Qd7 19. Bd2 e5 20. b4 b6 21. b5 Nd8
22. a4 a5 23. Nh4 Nf6 24. Kg2 Qg4 25. Qxg4 Nxg4 26. Rf3 Ne6 27. h3 Nf6 28. Raf1
Nh5 29. R3f2 Ra7 30. Ne1 Rd7 31. Nef3 Re7 32. Ng5 Nxg5 33. Bxg5 Ree8 34. Kh2 f6
35. Bd2 Kh7 36. Ng2 g5 37. Rf5 Kg6 38. R1f2 1/2-1/2

[Event "Lichtenberger Sommer 2023"]
[Site "Berlin"]
[Date "2023.08.15"]
[Round "4.22"]
[White "Schubert, Joachim"]
[Black "Niehaus, Frank"]
[Result "0-1"]
[WhiteElo "1872"]
[BlackElo "2145"]
[PlyCount "80"]
[EventDate "2023.??.??"]
[WhiteTeam "SC Friesen Lichtenberg e.V."]
[BlackTeam "SK König Tegel 1949 e.V."]

1. e4 c5 2. Nf3 d6 3. d4 cxd4 4. Nxd4 Nf6 5. Nc3 g6 6. Be2 Bg7 7. Be3 O-O 8.
O-O Nc6 9. h3 Bd7 10. Qd2 Rc8 11. f4 a6 12. f5 Ne5 13. Bh6 Qb6 14. Bxg7 Kxg7
15. Rab1 Nc4 16. Bxc4 Rxc4 17. Rfd1 Qc5 18. Qf2 Rxc3 19. bxc3 Nxe4 20. Qe1 Nxc3
21. Rxb7 Nxd1 22. Qxd1 Bxf5 23. Rxe7 Bxc2 24. Qd2 Bf5 25. g4 Bc8 26. Kh2 Kg8
27. Qe3 Qd5 28. Qf2 Qg5 29. Rc7 Be6 30. Nc6 Kg7 31. Qd4+ Qf6 32. Qd2 Rc8 33. g5
Qa1 34. Rxc8 Bxc8 35. Qxd6 Qxa2+ 36. Kg3 Qb3+ 37. Kg2 Qb2+ 38. Kg3 Bb7 39. Nd4
Qg2+ 40. Kh4 Qf2+ 0-1

[Event "Lichtenberger Sommer 2023"]
[Site "Berlin"]
[Date "2023.08.15"]
[Round "4.23"]
[White "Kapp, Frank"]
[Black "Amelang, Thomas"]
[Result "1/2-1/2"]
[WhiteElo "1861"]
[BlackElo "2141"]
[PlyCount "62"]
[EventDate "2023.??.??"]
[WhiteTeam "TSV IFA Chemnitz"]
[BlackTeam "Münchener SC 1836 e.V."]

1. d4 c5 2. c3 Qc7 3. Nf3 d6 4. Bf4 Nf6 5. h3 g6 6. e3 Bg7 7. Bb5+ Bd7 8. Bxd7+
Nbxd7 9. O-O O-O 10. Nbd2 b5 11. dxc5 Nxc5 12. Qc2 Rfc8 13. Rac1 a5 14. Rfd1
Qb7 15. Qb1 Qa6 16. Nb3 Nb7 17. Bh2 d5 18. Qd3 Nc5 19. Nxc5 Rxc5 20. Be5 Rd8
21. Nd4 Qb7 22. Nb3 Rcc8 23. Nxa5 Qb6 24. Nb3 Ra8 25. a3 Rd7 26. Nd4 Rb7 27.
Nc2 Rd8 28. Nb4 e6 29. Qd4 Qxd4 30. cxd4 Ne4 31. Bxg7 Kxg7 1/2-1/2

[Event "Lichtenberger Sommer 2023"]
[Site "Berlin"]
[Date "2023.08.15"]
[Round "4.24"]
[White "Syre, Christian"]
[Black "Kapr, Klaus"]
[Result "1-0"]
[WhiteElo "2119"]
[BlackElo "1876"]
[PlyCount "47"]
[EventDate "2023.??.??"]
[WhiteTeam "SC Kreuzberg e.V."]
[BlackTeam "SC Friesen Lichtenberg e.V."]

1. Nf3 d5 2. c4 e6 3. b3 Nf6 4. Bb2 Bd6 5. Nc3 c6 6. e3 O-O 7. Qc2 Nbd7 8. Be2
Re8 9. O-O a6 10. d4 b5 11. a3 e5 12. cxd5 cxd5 13. dxe5 Nxe5 14. Rfd1 Bb7 15.
Rd2 Rc8 16. Qd1 b4 17. axb4 Bxb4 18. Rc2 Qd6 19. Rac1 Rcd8 20. Nxe5 Rxe5 21.
Na2 Re6 22. Rc7 Rd7 23. Rxd7 Nxd7 24. Qd4 1-0

[Event "Lichtenberger Sommer 2023"]
[Site "Berlin"]
[Date "2023.08.15"]
[Round "4.25"]
[White "Matthes, Benjamin"]
[Black "Plump, Detlef"]
[Result "1/2-1/2"]
[WhiteElo "1848"]
[BlackElo "2089"]
[PlyCount "131"]
[EventDate "2023.??.??"]
[WhiteTeam "SC Oranienburg e.V."]
[BlackTeam "Bremer SG von 1877"]

1. e4 c5 2. Nf3 e6 3. d4 cxd4 4. Nxd4 a6 5. Bd3 Nf6 6. O-O Qc7 7. Qe2 Bd6 8.
Kh1 Nc6 9. Nxc6 dxc6 10. f4 e5 11. Nd2 O-O 12. Nf3 Bg4 13. fxe5 Bxe5 14. Qf2
Bxf3 15. gxf3 Bf4 16. Qh4 Bxc1 17. Raxc1 Nd7 18. f4 Nc5 19. Rf3 Nxd3 20. cxd3
f5 21. e5 Qd8 22. Qf2 Qd5 23. Rg1 Rf7 24. Qg2 Qxa2 25. Rg3 Qd5 26. Qxd5 cxd5
27. Rc1 Re7 28. d4 Rd8 29. h4 Rdd7 30. Rc8+ Kf7 31. Rgc3 Re6 32. R8c7 Rxc7 33.
Rxc7+ Re7 34. Rc5 Ke6 35. Kg2 Rd7 36. h5 g5 37. h6 g4 38. Kg3 Kf7 39. Rc8 Kg6
40. Rf8 Rf7 41. Rd8 Kxh6 42. Rxd5 Kg7 43. Rd6 Rc7 44. Rb6 Rd7 45. d5 Rxd5 46.
Rxb7+ Kf8 47. Kh4 Rb5 48. Rxh7 Rxb2 49. Kg5 g3 50. Kf6 Rh2 51. Rf7+ Kg8 52.
Rg7+ Kf8 53. Rxg3 Rh6+ 54. Kxf5 a5 55. Ra3 Ra6 56. Ra4 Ke7 57. Ke4 Ra8 58. f5
Ra7 59. Kd5 Ra8 60. Kc5 Rf8 61. f6+ Ke6 62. Re4 Rb8 63. Kc6 Rb4 64. Re2 a4 65.
Rf2 Rb8 66. Kc5 1/2-1/2

[Event "Lichtenberger Sommer 2023"]
[Site "Berlin"]
[Date "2023.08.15"]
[Round "4.26"]
[White "Krefenstein, Sergej"]
[Black "Besombes, Romain"]
[Result "0-1"]
[WhiteElo "2065"]
[BlackElo "1867"]
[PlyCount "122"]
[EventDate "2023.??.??"]
[WhiteTeam "TuS Makkabi Berlin e.V."]
[BlackTeam "SF Berlin 1903 e.V."]

1. c4 e6 2. Nf3 d5 3. g3 dxc4 4. Bg2 a6 5. O-O Nc6 6. Na3 Bxa3 7. bxa3 Nf6 8.
Qc2 O-O 9. Qxc4 e5 10. d3 Qd6 11. Bb2 Be6 12. Qc2 Bd5 13. Rfd1 Nd4 14. Bxd4
exd4 15. Nxd4 Bxg2 16. Nf5 Qe6 17. Kxg2 Qxf5 18. Qxc7 b5 19. Qf4 Qxf4 20. gxf4
Nd5 21. Kf3 f5 22. Rac1 Rac8 23. Rxc8 Rxc8 24. e4 fxe4+ 25. dxe4 Rc3+ 26. Kg4
Ne7 27. Rd2 Rxa3 28. f5 Kf7 29. Kf4 Rc3 30. Ke5 b4 31. Rd7 a5 32. Ra7 b3 33.
axb3 Rxb3 34. Kf4 Rb5 35. h4 Kf8 36. Ra8+ Kf7 37. Ra7 Rc5 38. f3 Kf8 39. h5 h6
40. Ra8+ Kf7 41. Ra7 Ke8 42. Ke3 Nc6 43. Rxg7 a4 44. Kd3 a3 45. Rg1 a2 46. f4
Nb4+ 47. Kd2 Rc2+ 48. Ke3 Rb2 49. Kd4 Rb1 50. Rg8+ Kf7 51. Ra8 a1=Q+ 52. Rxa1
Rxa1 53. e5 Nc6+ 54. Ke4 Ne7 55. f6 Ra4+ 56. Kf3 Nd5 57. f5 Rf4+ 58. Kg3 Rxf5
59. Kg4 Rxe5 60. Kh4 Kxf6 61. Kg4 Re4+ {Ars* Krefenstein} 0-1

[Event "Lichtenberger Sommer 2023"]
[Site "Berlin"]
[Date "2023.08.15"]
[Round "4.27"]
[White "Böddeker, Henry"]
[Black "Matitschka, Johannes"]
[Result "0-1"]
[WhiteElo "2063"]
[BlackElo "1855"]
[Annotator "Luca"]
[PlyCount "92"]
[EventDate "2023.??.??"]
[WhiteTeam "SF Berlin 1903 e.V."]
[BlackTeam "TSG Oberschöneweide e.V."]

{[%evp 0,55,19,38,75,73,85,92,86,80,75,67,76,76,84,69,79,80,72,42,42,39,82,67,
145,107,123,88,93,103,119,119,105,60,23,15,0,-100,-76,-141,-152,-151,-144,-241,
-223,-223,-226,-211,-222,-222,-241,-232,-259,-286,-307,-328,-273,-268]} 1. e4
d6 2. d4 Nf6 3. Nc3 g6 4. Be3 c6 5. h3 b5 6. a3 Qa5 7. Bd3 Nbd7 8. f4 e5 9. Nf3
Bh6 10. b4 Qb6 11. Qd2 exd4 12. Bxd4 c5 13. Bxf6 Nxf6 14. Bxb5+ Kf8 15. Ng5 Bb7
16. Rd1 cxb4 17. axb4 Kg7 18. Qd4 Rhc8 19. Qxb6 axb6 20. Na4 Rxc2 21. Rxd6 Nxe4
22. Nxe4 Bxe4 23. Rf1 Bxg2 24. Rf2 Rxf2 25. Kxf2 Bxf4 26. Rxb6 Bxh3 27. Rb7 Be6
28. Nc5 Ra2+ 29. Kf3 Bd5+ 30. Kxf4 Bxb7 31. Nxb7 Rb2 32. Nd6 Rxb4+ 33. Bc4 f6
34. Kg3 g5 35. Ne8+ Kg6 36. Bd3+ f5 37. Kf3 Rb3 38. Ke3 Ra3 39. Nd6 Ra5 40. Kd4
g4 41. Nc4 Ra4 42. Ke5 Kg5 43. Nd6 Ra5+ 44. Ke6 g3 45. Bxf5 g2 46. Ne4+ Kf4 0-1

[Event "Lichtenberger Sommer 2023"]
[Site "Berlin"]
[Date "2023.08.15"]
[Round "4.28"]
[White "Scheide, Helmut"]
[Black "Wirth, Heinz"]
[Result "0-1"]
[WhiteElo "1832"]
[BlackElo "2060"]
[PlyCount "60"]
[EventDate "2023.??.??"]
[WhiteTeam "USV Potsdam e.V., Abt. Schach"]
[BlackTeam "SC Weisse Dame e.V."]

1. Nf3 Nf6 2. d4 g6 3. c4 Bg7 4. Nc3 d5 5. Qb3 dxc4 6. Qxc4 O-O 7. e4 a6 8. Be2
b5 9. Qb3 c5 10. dxc5 Be6 11. Qc2 Nbd7 12. Ng5 Nxc5 13. Be3 Rc8 14. Bxc5 Rxc5
15. Nxe6 fxe6 16. Qb3 Qd6 17. Rd1 Qe5 18. Bf3 a5 19. O-O Rb8 20. Rd3 Rc4 21. a3
Rcc8 22. Ne2 Rc4 23. Ng3 h5 24. Re1 Rb7 25. Rd8+ Kf7 26. Be2 Rcc7 27. f4 Qxf4
28. Bxb5 Rc1 29. Rxc1 Qxc1+ 30. Nf1 Qc5+ 0-1

[Event "Lichtenberger Sommer 2023"]
[Site "Berlin"]
[Date "2023.08.15"]
[Round "4.29"]
[White "Federau, Jürgen"]
[Black "Bezhenar, Georgy"]
[Result "1-0"]
[WhiteElo "2054"]
[BlackElo "1833"]
[PlyCount "165"]
[EventDate "2023.??.??"]
[WhiteTeam "SC Kreuzberg e.V."]
[BlackTeam "SC Kreuzberg e.V."]

1. d4 Nf6 2. c4 e6 3. Nc3 Bb4 4. e3 O-O 5. Bd3 c5 6. Nf3 d6 7. O-O Bxc3 8. bxc3
Nc6 9. e4 e5 10. d5 Ne7 11. Nh4 Ng6 12. Nf5 Nf4 13. Bc2 g6 14. Ne3 Bd7 15. f3
h5 16. g3 Nh3+ 17. Kg2 Ng5 18. Kh1 Bh3 19. Rg1 Ngh7 20. Bd3 Bd7 21. Ng2 Kg7 22.
Be3 Rh8 23. Qd2 Bh3 24. Bh6+ Kg8 25. Rab1 Qd7 26. Rb2 Nf8 27. Bg5 N8h7 28. Be3
Nf8 29. Nh4 Re8 30. Rgb1 b6 31. Bc2 N6h7 32. Bd3 Qe7 33. Qc2 f6 34. a4 Kg7 35.
a5 Nd7 36. Ra1 Ng5 37. Rba2 Nf7 38. axb6 axb6 39. Ra7 Rb8 40. R1a6 Rhd8 41. Kg1
Qe8 42. Qa2 Rdc8 43. Qa4 Qd8 44. Bf1 b5 45. cxb5 Bxf1 46. Kxf1 Nb6 47. Qa2 Rc7
48. Rxc7 Qxc7 49. Bd2 Qd7 50. c4 Rb7 51. Ba5 Nc8 52. Bd2 Nb6 53. Kg1 Ng5 54.
Ba5 Nc8 55. Qc2 Ne7 56. Bd2 Nf7 57. Qc1 g5 58. Ng2 Ng6 59. Qc2 Qh3 60. Ne3 Ne7
61. Be1 Qd7 62. Kg2 h4 63. gxh4 Rb8 64. Kh1 Rh8 65. Qg2 Kf8 66. Ra8+ Nc8 67.
Qg4 Qxg4 68. fxg4 Ke7 69. Nf5+ Kd7 70. h5 Kc7 71. Kg2 Kb7 72. Ra6 Nb6 73. Ne3
Nc8 74. Kf3 Nd8 75. Ke2 Nf7 76. Nf5 Rh7 77. h6 Kc7 78. Ba5+ Kb7 79. Kd2 Rh8 80.
Rc6 Rh7 81. Rc7+ Kb8 82. Rd7 Ka8 83. Bc7 1-0

[Event "Lichtenberger Sommer 2023"]
[Site "Berlin"]
[Date "2023.08.15"]
[Round "4.30"]
[White "Guder, Sibylle"]
[Black "Hoffmann, Kay"]
[Result "0-1"]
[WhiteElo "1796"]
[BlackElo "2036"]
[PlyCount "124"]
[EventDate "2023.??.??"]
[WhiteTeam "SF Berlin 1903 e.V."]
[BlackTeam "Barnimer SF im SV Sta"]

1. c4 e6 2. g3 Nf6 3. Bg2 d5 4. Nf3 d4 5. O-O c5 6. d3 Nc6 7. e4 Bd6 8. Qe2 e5
9. Na3 a6 10. Nc2 h6 11. Rb1 Be6 12. Bd2 a5 13. Na3 Nb4 14. Ra1 Qd7 15. Nb5 Bb8
16. a3 Nc6 17. b4 axb4 18. axb4 Rxa1 19. Rxa1 cxb4 20. Rb1 Bd6 21. Nxd6+ Qxd6
22. Qe1 Nd7 23. Bxb4 Nxb4 24. Qxb4 Qxb4 25. Rxb4 b6 26. Ne1 Ke7 27. f4 f6 28.
Kf2 Ra8 29. Rb2 Ra6 30. Ke2 Nc5 31. Kd2 Kd6 32. Bf3 Kc6 33. Nc2 Kc7 34. Bh5 Ra8
35. f5 Bg8 36. Bg6 Rd8 37. Rb4 Kb7 38. Bh5 Ka6 39. Bg6 Ra8 40. Bh5 Ra7 41. Rb2
Re7 42. h4 Bxc4 43. dxc4 Nxe4+ 44. Kd1 Nxg3 45. Nb4+ Kb7 46. Nd5 Rd7 47. Nxb6
Rd8 48. Bf3+ e4 49. Bg2 Kc7 50. Nd5+ Kd6 51. Nf4 Ra8 52. Kc2 Ke5 53. Nd5 d3+
54. Kd2 Kd4 55. Ne3 Ra5 56. Bh3 h5 57. c5 Rxc5 58. Rb4+ Ke5 59. Rb2 Ne2 60. Nf1
Nd4 61. Bg2 Nxf5 62. Ng3 Nxg3 0-1

[Event "Lichtenberger Sommer 2023"]
[Site "Berlin"]
[Date "2023.08.15"]
[Round "4.31"]
[White "Ho, Ngoc Hai-Dang"]
[Black "Jesse, Timo"]
[Result "1-0"]
[WhiteElo "1782"]
[BlackElo "2034"]
[PlyCount "79"]
[EventDate "2023.??.??"]
[WhiteTeam "SV Mattnetz Berlin e.V."]
[BlackTeam "ESV 1949 Eberswalde e.V."]

1. e4 e5 2. Nf3 Nc6 3. Bc4 Nf6 4. d3 Bc5 5. c3 d6 6. Nbd2 a5 7. a4 O-O 8. Nf1
Be6 9. Ng3 Bxc4 10. dxc4 h6 11. O-O Kh7 12. h3 Ne7 13. Re1 Qd7 14. Nh4 g5 15.
Nf3 Rg8 16. Nh2 Rg6 17. Ng4 Qe6 18. b3 Nfg8 19. Qf3 Nf6 20. Nf5 Nxg4 21. hxg4
Rh8 22. Bd2 Rf6 23. g3 c6 24. Qh1 Kg8 25. Be3 Bxe3 26. Rxe3 Nxf5 27. gxf5 Qe7
28. Rd1 h5 29. Red3 h4 30. g4 Kg7 31. Qf3 Qc7 32. Qe3 Kh6 33. Qd2 Qb6 34. Rxd6
Rxd6 35. Qxd6+ Kh7 36. Qe7 Rg8 37. Qxf7+ Rg7 38. Qh5+ Kg8 39. Qe8+ Kh7 40. Rd8
1-0

[Event "Lichtenberger Sommer 2023"]
[Site "Berlin"]
[Date "2023.08.15"]
[Round "4.32"]
[White "Sabrowski, Uwe"]
[Black "Duppel, Yago"]
[Result "1-0"]
[WhiteElo "2016"]
[BlackElo "1743"]
[PlyCount "51"]
[EventDate "2023.??.??"]
[WhiteTeam "SC Friesen Lichtenberg e.V."]
[BlackTeam "SV Königsjäger Süd-West e.V."]

1. d4 e6 2. c4 d5 3. Nc3 Be7 4. Nf3 Nf6 5. Bg5 h6 6. Bh4 O-O 7. e3 Nbd7 8. Rc1
a6 9. cxd5 exd5 10. Bd3 c6 11. O-O Re8 12. a3 g5 13. Bg3 Nh5 14. Nxd5 Nxg3 15.
Nxe7+ Qxe7 16. hxg3 c5 17. Bf5 cxd4 18. Bxd7 Bxd7 19. Nxd4 g4 20. Qb3 b5 21.
Qd5 Red8 22. Rc7 Qe8 23. Qh5 Kh7 24. Rfc1 Rac8 25. R1c6 Bxc6 26. Rxf7+ 1-0

[Event "Lichtenberger Sommer 2023"]
[Site "Berlin"]
[Date "2023.08.15"]
[Round "4.33"]
[White "Beyer, Lorenz"]
[Black "Sakalli, Selcuk Orkun"]
[Result "1-0"]
[WhiteElo "1994"]
[BlackElo "1706"]
[PlyCount "73"]
[EventDate "2023.??.??"]
[WhiteTeam "Barnimer SF im SV Sta"]
[BlackTeam "SC Zugzwang 95 e.V."]

1. d4 d5 2. Bf4 c5 3. e3 Nf6 4. c3 Qb6 5. Qc2 Nc6 6. Nf3 cxd4 7. exd4 Bf5 8.
Qb3 h6 9. Qxb6 axb6 10. Na3 g5 11. Bg3 Ne4 12. Nb5 Kd7 13. Ne5+ Nxe5 14. dxe5
h5 15. Nd4 e6 16. Bb5+ Kc7 17. f3 Nxg3 18. hxg3 Bg7 19. f4 h4 20. Nxf5 exf5 21.
Kf2 hxg3+ 22. Kxg3 Bh6 23. Rh5 gxf4+ 24. Kf3 Rag8 25. Rah1 Rg3+ 26. Kf2 Rg6 27.
Rxf5 Rf8 28. Rhh5 Kd8 29. Rf6 Rfg8 30. Rxh6 Rxg2+ 31. Ke1 Rxb2 32. Bf1 Rg1 33.
Rxf4 Rxa2 34. Rxf7 Ke8 35. e6 Ra1+ 36. Kd2 Rgxf1 37. Rh8# 1-0

[Event "Lichtenberger Sommer 2023"]
[Site "Berlin"]
[Date "2023.08.15"]
[Round "4.35"]
[White "Skowronski, Peter"]
[Black "Möwisch, Dave"]
[Result "0-1"]
[WhiteElo "1728"]
[BlackElo "1922"]
[PlyCount "62"]
[EventDate "2023.??.??"]
[WhiteTeam "vereinslos"]
[BlackTeam "Potsdamer SV Mitte e.V."]

1. g3 d5 2. Bg2 c6 3. d3 Bg4 4. h3 Bh5 5. g4 Bg6 6. f4 e6 7. Nf3 Nd7 8. Be3 Bd6
9. d4 Qb6 10. Qc1 Ngf6 11. Ne5 Be4 12. Bf3 Bxf3 13. exf3 c5 14. c3 Rc8 15. Na3
cxd4 16. Bxd4 Bc5 17. Nc2 Bxd4 18. Nxd4 Nxe5 19. fxe5 Nd7 20. f4 Nc5 21. O-O
O-O 22. Qd2 Ne4 23. Qg2 a5 24. Kh2 a4 25. f5 a3 26. Rab1 Qc7 27. Nf3 axb2 28.
Rxb2 Qxc3 29. a4 Qe3 30. Re1 Qf4+ 31. Kg1 Rc3 0-1

[Event "Lichtenberger Sommer 2023"]
[Site "Berlin"]
[Date "2023.08.15"]
[Round "4.36"]
[White "Ellert, Stefan"]
[Black "Zesewitz, Martin"]
[Result "1-0"]
[WhiteElo "1630"]
[BlackElo "1916"]
[PlyCount "95"]
[EventDate "2023.??.??"]
[WhiteTeam "SV Empor Berlin e.V."]
[BlackTeam "SV SF Friedrichshagen"]

1. d4 f5 2. Bg5 h6 3. Bh4 g5 4. e3 Nf6 5. Bg3 d6 6. Nc3 Bg7 7. h4 g4 8. Bc4 e6
9. Nge2 O-O 10. Nf4 Re8 11. Qd3 a6 12. a4 Nc6 13. O-O-O d5 14. Bb3 Nb4 15. Qe2
a5 16. f3 b6 17. e4 Ba6 18. Qf2 c5 19. dxc5 bxc5 20. exd5 e5 21. Ne6 Qc8 22.
Qxc5 Nh5 23. Qxc8 Raxc8 24. Bf2 Bc4 25. Bxc4 Rxc4 26. Nxg7 Kxg7 27. Bb6 Ng3 28.
Rhe1 e4 29. fxg4 fxg4 30. d6 Nc6 31. d7 Rf8 32. d8=Q Nxd8 33. Rxd8 Rf5 34. Bd4+
Kg6 35. Nxe4 Nxe4 36. Rxe4 Kh5 37. Re5 Rxe5 38. Bxe5 Kxh4 39. g3+ Kh3 40. Rh8
Rxa4 41. Rxh6+ Kg2 42. Kd2 Re4 43. Bf4 Kf3 44. Rh5 a4 45. Kc3 Kf2 46. Re5 Rxf4
47. gxf4 g3 48. Rg5 1-0

[Event "Lichtenberger Sommer 2023"]
[Site "Berlin"]
[Date "2023.08.15"]
[Round "4.37"]
[White "Mazurtsova, Margarita"]
[Black "Kuhn, Christian"]
[Result "1/2-1/2"]
[WhiteElo "1526"]
[BlackElo "1911"]
[PlyCount "101"]
[EventDate "2023.??.??"]
[WhiteTeam "SC Kreuzberg e.V."]
[BlackTeam "SK König Tegel 1949 e.V."]

1. c4 Nf6 2. Nc3 c5 3. g3 d5 4. cxd5 Nxd5 5. Bg2 Nc7 6. Nf3 Nc6 7. a3 e5 8. d3
Be7 9. O-O Be6 10. Be3 f6 11. Nd2 Qd7 12. Rc1 Rc8 13. Nce4 b6 14. Nc4 O-O 15.
Kh1 f5 16. Ng5 Bd5 17. Nf3 Bf6 18. Bd2 Ne6 19. Ne3 Ne7 20. Nxd5 Nxd5 21. Qb3
Ndc7 22. Bc3 Qd6 23. Nd2 b5 24. Nf3 Kh8 25. Qd1 Nd4 26. Nxd4 exd4 27. Bd2 Nd5
28. Qb3 Nc7 29. e3 a6 30. e4 fxe4 31. Bxe4 Ne6 32. f4 Qb6 33. Qd1 g6 34. Qg4
Ng7 35. Qh3 Be7 36. g4 Qf6 37. Qh6 c4 38. Rf3 Ne6 39. Rh3 Qg7 40. Bxg6 Qxh6 41.
Rxh6 Kg7 42. Rxh7+ Kxg6 43. Rxe7 Nxf4 44. Bxf4 Rxf4 45. Re6+ Kg5 46. Rxa6 Rf2
47. Rd6 Rh8 48. Rxd4 Rhxh2+ 49. Kg1 Rfg2+ 50. Kf1 Rxb2 51. Kg1 1/2-1/2

[Event "Lichtenberger Sommer 2023"]
[Site "Berlin"]
[Date "2023.08.15"]
[Round "4.38"]
[White "Oldenburg, Theo"]
[Black "Mannaberg, Steffen"]
[Result "1-0"]
[WhiteElo "1424"]
[BlackElo "1903"]
[PlyCount "65"]
[EventDate "2023.??.??"]
[WhiteTeam "SV Berolina Mitte e.V."]
[BlackTeam "vereinslos"]

1. e4 e5 2. Nf3 d6 3. Bc4 c6 4. O-O Be7 5. d4 Nd7 6. Re1 Ngf6 7. c3 b5 8. Bb3
Bb7 9. a4 a6 10. Nbd2 Qb8 11. Nf1 c5 12. axb5 axb5 13. Rxa8 Qxa8 14. d5 c4 15.
Bc2 Nc5 16. Ng3 g6 17. Bh6 Ng4 18. Bg5 f6 19. Bc1 h5 20. Nh4 Kf7 21. h3 Nh6 22.
Nxh5 Ng8 23. Qg4 g5 24. Bxg5 fxg5 25. Qf5+ Ke8 26. Ng7+ Kd8 27. Ng6 Nh6 28.
Ne6+ Nxe6 29. Qxe6 Rh7 30. Nxe7 Rxe7 31. Qxd6+ Ke8 32. Qxh6 Kd7 33. Qb6 1-0

[Event "Lichtenberger Sommer 2023"]
[Site "Berlin"]
[Date "2023.08.15"]
[Round "4.39"]
[White "Schülke, Rosalie"]
[Black "Bolon, Karelle"]
[Result "1/2-1/2"]
[WhiteElo "1387"]
[BlackElo "1899"]
[PlyCount "113"]
[EventDate "2023.??.??"]
[WhiteTeam "SV Königsjäger Süd-West e.V."]
[BlackTeam "SF Berlin 1903 e.V."]

1. e4 e6 2. d4 d5 3. e5 c5 4. c3 Bd7 5. Nf3 a6 6. a4 Nc6 7. Be2 c4 8. Bg5 Nge7
9. Nbd2 h6 10. Bxe7 Bxe7 11. O-O b5 12. axb5 axb5 13. b4 O-O 14. Qb1 Qc7 15.
Qb2 Qb7 16. Rfd1 Rfc8 17. Nf1 f6 18. exf6 Bxf6 19. Ne3 Be8 20. Ne1 Bg6 21. Bg4
Qe7 22. Rxa8 Rxa8 23. Ra1 Re8 24. Ra6 Qb7 25. Qa1 Bf7 26. Bf3 Bg5 27. N1c2 Bf4
28. g3 Bc7 29. Ra3 Rd8 30. Qf1 e5 31. dxe5 Nxe5 32. Qg2 Nxf3+ 33. Qxf3 Bb6 34.
Nf5 Bg6 35. Ncd4 Rf8 36. Qxd5+ Qxd5 37. Ne7+ Kh7 38. Nxd5 Bxd4 39. cxd4 Rd8 40.
Nc3 Rxd4 41. Nxb5 Rd1+ 42. Kg2 Rb1 43. Nc3 Rxb4 44. Ra4 Be4+ 45. Kg1 Rxa4 46.
Nxa4 Bf3 47. Kf1 Kg6 48. Ke1 Kf5 49. h4 Ke4 50. Kd2 Bg4 51. Nc3+ Kd4 52. Nb5+
Kc5 53. Nc3 Kb4 54. Nd5+ Kb3 55. Nc3 Bf3 56. Nb5 Kb2 57. Nc3 1/2-1/2

[Event "Lichtenberger Sommer 2023"]
[Site "Berlin"]
[Date "2023.08.15"]
[Round "4.40"]
[White "Beran, Rolf-Dietrich"]
[Black "Winkler, Michael"]
[Result "1-0"]
[WhiteElo "1899"]
[BlackElo "1642"]
[Annotator "Luca"]
[PlyCount "115"]
[EventDate "2023.??.??"]
[WhiteTeam "SG Rot-Weiß Neuenhagen"]
[BlackTeam "ESV 1949 Eberswalde e.V."]

{[%evp 0,12,19,-12,-12,-11,-18,-30,-27,-27,51,8,-2,-17,-9]} 1. c4 e5 2. Nc3 Nc6
3. g3 Nf6 4. Bg2 g6 5. d3 Bg7 6. e4 d6 7. Nge2 Be6 8. h3 Qd7 9. Nd5 h6 10. Be3
Ne7 11. Qd2 c6 12. Nxe7 Qxe7 13. O-O Qd7 14. Kh2 g5 15. Rac1 g4 16. h4 Qe7 17.
d4 Rd8 18. d5 Bc8 19. Bxa7 c5 20. Bb6 Rd7 21. b4 h5 22. Rb1 O-O 23. bxc5 dxc5
24. Qa5 Ne8 25. Bxc5 Nd6 26. Qb4 f5 27. Nc3 f4 28. Nb5 Rfd8 29. Nxd6 Rxd6 30.
Bxd6 Rxd6 31. Qc5 Qd8 32. Rfe1 f3 33. Bf1 Bf6 34. Kg1 Be7 35. Qe3 Bxh4 36. c5
Rg6 37. Rb6 Rg7 38. Qh6 Bg5 39. Qxh5 Bf6 40. Bc4 Rh7 41. Qg6+ Bg7 42. Bb5 Qc7
43. Qe8+ Bf8 44. Rg6+ Rg7 45. Rxg7+ Kxg7 46. Rc1 Bxc5 47. Rxc5 Qxc5 48. Qxe5+
Kg8 49. Bf1 b6 50. Qe8+ Kg7 51. Qc6 Kf7 52. Qxc5 bxc5 53. e5 Ke7 54. Bc4 Bf5
55. Kf1 Kd7 56. a4 Kc7 57. a5 Kb7 58. Ke1 1-0

[Event "Lichtenberger Sommer 2023"]
[Site "Berlin"]
[Date "2023.08.15"]
[Round "4.41"]
[White "Willich, Manfred"]
[Black "Stark, Ingo"]
[Result "0-1"]
[WhiteElo "1837"]
[BlackElo "2106"]
[PlyCount "76"]
[EventDate "2023.??.??"]
[WhiteTeam "SK Turm Bad Hersfeld"]
[BlackTeam "TSG Oberschöneweide e.V."]

1. d4 b5 2. Bf4 Bb7 3. e3 e6 4. Nf3 a6 5. Nbd2 Nf6 6. Bd3 c5 7. c3 d6 8. h3
Nbd7 9. O-O Qc7 10. e4 e5 11. Bh2 g6 12. a4 c4 13. Bc2 Bh6 14. Qe2 O-O 15. g4
Bf4 16. Bxf4 exf4 17. g5 Nh5 18. Nh2 Rae8 19. axb5 axb5 20. Qf3 f5 21. gxf6
Ndxf6 22. Ng4 Qe7 23. Rfe1 Bc8 24. e5 Bb7 25. Qd1 Nxg4 26. Qxg4 Bc8 27. Qf3 Qh4
28. Kh2 dxe5 29. Rxe5 Rxe5 30. dxe5 Re8 31. Ra8 Kg7 32. Ne4 Bxh3 33. Ra7+ Bd7+
34. Kg1 Re7 35. Nc5 Bc8 36. Rxe7+ Qxe7 37. Qd5 Qg5+ 38. Kh2 f3 0-1

[Event "Lichtenberger Sommer 2023"]
[Site "Berlin"]
[Date "2023.08.15"]
[Round "4.42"]
[White "Wadepfuhl, Jeremy"]
[Black "Vandre, Wolfgang"]
[Result "1-0"]
[WhiteElo "1789"]
[BlackElo "2095"]
[PlyCount "45"]
[EventDate "2023.??.??"]
[WhiteTeam "SC Borussia Lichtenberg"]
[BlackTeam "SC Berolina Mitte e.V."]

1. e4 c5 2. Nf3 d6 3. Bb5+ Nd7 4. a4 a6 5. Be2 Ngf6 6. Nc3 e6 7. O-O Be7 8. d4
cxd4 9. Qxd4 b6 10. Rd1 Qc7 11. Nd2 Bb7 12. Nc4 d5 13. exd5 Nxd5 14. Nxd5 Bxd5
15. Bf4 Qc6 16. Qxg7 Bf6 17. Nd6+ Qxd6 18. Qxh8+ Bxh8 19. Bxd6 Bxb2 20. Rab1
Bc3 21. Rd3 Ba5 22. Rg3 Nf6 23. Bb4 1-0

[Event "Lichtenberger Sommer 2023"]
[Site "Berlin"]
[Date "2023.08.15"]
[Round "4.43"]
[White "Rouditser, Benjamin"]
[Black "Braeunlin, Herbert"]
[Result "0-1"]
[WhiteElo "1756"]
[BlackElo "2040"]
[PlyCount "90"]
[EventDate "2023.??.??"]
[WhiteTeam "SG Lasker Stegli"]
[BlackTeam "Bräunlin Kolb Schälicke Al"]

1. d4 d5 2. c4 e6 3. Nc3 Nf6 4. cxd5 exd5 5. Bg5 Nbd7 6. e3 Be7 7. Bd3 h6 8.
Bh4 O-O 9. Nge2 c5 10. O-O b6 11. Bf5 Bb7 12. Qc2 c4 13. f3 Re8 14. e4 g6 15.
Bh3 dxe4 16. fxe4 Nxe4 17. Nxe4 Bxe4 18. Qxe4 Bxh4 19. Qf4 Qe7 20. Bxd7 Qxd7
21. Qxh4 Rxe2 22. Rf3 Rae8 23. Raf1 R8e7 24. Rf4 Qd5 25. R1f3 Re1+ 26. Kf2
R1e2+ 27. Kg3 Qg5+ 28. Qxg5 hxg5 29. Rf6 Rxb2 30. Rc6 Ree2 31. Rc3 Rxg2+ 32.
Kf3 b5 33. d5 Rxh2 34. Ke4 Rhe2+ 35. Kd4 Rbd2+ 36. Kc5 Re5 37. Rc8+ Kg7 38. Rd8
Rd3 39. Rc2 c3 40. Kc6 b4 41. d6 a5 42. d7 Red5 43. Re2 a4 44. Ree8 c2 45. Rg8+
Kf6 0-1